Influence of Non-Product Related Attributes on Media Brands Consumption

Saved in:
Bibliographic Details
Main Author: Saulite, Linda
Other Authors: Sceulovs, Deniss, Pollák, František, 1985-
Format: Book Chapter
Language:English
Subjects:
Tags: Add Tag
No Tags, Be the first to tag this record!

MARC

LEADER 00000naa a2200000 4500
001 0280701
005 20240502083856.5
041 0 |a eng 
044 |a LT 
245 1 0 |a Influence of Non-Product Related Attributes on Media Brands Consumption  |c Linda Saulite, Deniss Sceulovs, František Pollák 
610 2 0 |a spotreba 
610 2 0 |a značky 
610 2 0 |a produkty 
610 2 0 |a médiá 
100 1 |a Saulite, Linda 
700 1 |a Sceulovs, Deniss 
700 1 |a Pollák, František, 1985-